=LDR 00000nam 2200000 4500 =001 INLIS000000000041864 =005 20200326093057 =035 ##$$a 0010-061300000041864 =008 200326################g##########0#ind## =041 ##$$a Ind =082 ##$$a 206.6 =090 ##$$a 206, Afh m =100 ##$$a Atho Mudzhar, M. =245 1#$$a Menjaga aswaja dan kerukunan umat /$c Prof.Dr.H. M. Atho Mudzhar =260 ##$$a Jakarta :$b Kementrian Agama,$c 2012 =300 ##$$a xxiii, 114 hlm. ; $c 15x21 cm. =650 #4$$a Masyarakat Islam =850 ##$$a NBPNMAT =020 ##$$a 978-602-8739-12-2 =084 ##$$a 206.6 ATH m =990 ##$$a 31200439 =990 ##$$a 31200439